Demian

Guardado en:
Bibliografiske detaljer
Hovedforfatter: Hesse, Hermann
Format: Bog
Sprog:Undetermined
Udgivet: México, Distrito Federal Compañía General de Ediciones 1955
Udgivelse:4
Fag:
Tags: Tilføj Tag
Ingen Tags, Vær først til at tagge denne postø!

MARC

LEADER 00000nam a2200000Ia 4500
008 170316s9999 xx 000 0 und d
040 |a cru BVZT 
090 |a 830 H-8d 
100 |a Hesse, Hermann 
245 |a Demian 
250 |a 4 
260 |a México, Distrito Federal 
260 |b Compañía General de Ediciones 
260 |c 1955 
300 |a 216 páginas 
650 |a LITERATURA ALEMANA 
999 |c 7360  |d 7360 
942 |c 15 D  |h 830 H-8d  |2 z